| 000 | 01079nam a2200289 4500 | ||
|---|---|---|---|
| 005 | 2009082002232.0 | ||
| 008 | 701116s1970 nyua b 001 0 eng | ||
| 010 | _aENG-94762 | ||
| 020 |
_a9780070671126 _c295.00 |
||
| 020 |
_a0070671125 _c295.00 |
||
| 035 | _aEN-78295 | ||
| 037 | _bDBAD / PUB | ||
| 040 |
_adpl _bEnglish |
||
| 082 | _a621.319 | ||
| 100 |
_aMiller, Robert H. _q(Robert Herschel) |
||
| 245 |
_aPower system operation _cby Robert H. Miller [and] James H. Malinowski |
||
| 250 | _a3rd ed. | ||
| 260 |
_aNew Delhi _bTata McGraw-Hill Education _c2009 |
||
| 270 |
_a7 West Patel Nagar, _bNew Delhi _e110008 |
||
| 300 |
_axiii, 271p. _c23cm(pbk) |
||
| 500 | _aIncludes index | ||
| 650 |
_aElectric power systems _xManagement. |
||
| 650 |
_aElectric power systems _xLoad dispatching |
||
| 700 | _aMalinowski, James H. | ||
| 942 |
_2ddc _cEN _h621.319 _mMIL |
||
| 999 |
_c29330 _d29330 |
||